Estadísticas para Top 10 Nuevos de Estados de EE. UU.

Haz click aquí para intentar la prueba.

Estadísticas generales

  • Esta prueba ha sido intentada 105 veces
  • La puntuación promedio es 7 de 10

Estadísticas de respuestas

AñoEstado% Correcto
1959Alaska
94%
1959Hawái
91%
1912Nuevo México
78%
1890Idaho
72%
1912Arizona
71%
1889Montana
68%
1896Utah
66%
1889Washington
65%
1890Wyoming
59%
1907Oklahoma
46%

Distribución de puntuación

Porcentaje por número respondido

Porcentaje de gente con cada puntuación

Historial de tus puntuaciones

No has intentado esta prueba.